000 00413nam a22001577a 4500
005 20251108165829.0
008 250721s1986 xx 000 0 ara d
082 1 4 _aط/551.46/نيل
245 1 0 _aالنيل /
264 1 _aبيروت :
_bمكتبة لبنان،
_c1986.
300 _a31ص : مص
490 0 _aكتب الفراشة ؛ 16
650 1 7 _aنهر النيل
942 _2ddc
_cBK
999 _c32402
_d32402